| 000 | 00464cam a2200181ua 4500 | ||
|---|---|---|---|
| 020 | _c12.60 | ||
| 041 |
_aeng _h |
||
| 082 |
_a630.209 _bHEA/FA |
||
| 100 | _aHeady, Earl O . | ||
| 245 |
_aFarm management economics / _cEarl O Heady. _hTextual Documents |
||
| 260 |
_aNew Delhi : _bPrentice Hall of India Pvt Ltd. , _c1964. |
||
| 300 | _a645 ; . | ||
| 365 | _a12.60 | ||
| 504 | _a | ||
| 700 | 1 | _aJeasen, Herald R. | |
| 942 | _cBK | ||
| 999 |
_c9305 _d9305 |
||